Markétka už ví, jak na to /

Hlavní autor: Špačková, Alena
Jazyk: Čeština
Vydáno: [Říčany] : Junior, [2002?]
Témata:
Fyzický popis: 63 s. : barev. il. ; 23 cm
Knihy
Uloženo v:
LEADER 01010nam a2200289 a 4500
001 000606843
003 CZ BrMZK
005 20091209111916.0
007 ta
008 020618s2002 xr b j cze d
020 |a 80-7267-079-4  |q (váz.) 
040 |a BOA001  |b cze  |c BOA001 
041 1 |a cze  |h eng 
072 7 |a 821-93  |x Literatura pro děti a mládež (beletrie)  |2 Konspekt  |9 26 
072 7 |a 821-31/-34  |x Milostná, dobrodružná, fantastická próza  |2 Konspekt  |9 25 
080 |a 821-93  |2 MRF 
080 |a 821-32  |2 MRF 
080 |a (0:82-32)  |2 MRF 
100 1 |a Špačková, Alena  |7 jn20001103512  |4 adp 
245 1 0 |a Markétka už ví, jak na to /  |c [text Alena Špačková] 
260 |a [Říčany] :  |b Junior,  |c [2002?] 
300 |a 63 s. :  |b barev. il. ;  |c 23 cm 
655 7 |a příběhy  |7 fd133204  |2 czenas 
655 7 |a publikace pro děti  |7 fd133156  |2 czenas 
910 |a BOA001  |b 2-1104.343 
990 |a BK 
996 6 |b 2610165159  |c 2-1104.343  |l MZK  |r Sklad / do 1 hodiny  |n 1  |p p.v.  |w 000606843  |u 000010  |a 1  |e BOA001  |j MZK50  |s P